|
|
|
|
| LEADER |
01129nam a2200373 4500 |
| 001 |
DLU090095563 |
| 005 |
##20091201 |
| 040 |
# |
# |
|a DLU
|b eng
|
| 041 |
# |
# |
|a eng
|
| 044 |
# |
# |
|a us
|
| 245 |
# |
# |
|a Synthesis of water-soluble ZnS : Mn2+ nanocrystals by using mercaptopropionic acid as stabilizer /
|c Jiaqi Zhuang ... [et al.].
|
| 653 |
# |
# |
|a Carboxylic acids
|
| 653 |
# |
# |
|a Inorganic compounds
|
| 653 |
# |
# |
|a Nanocrystals
|
| 653 |
# |
# |
|a Nanostructured materials
|
| 653 |
# |
# |
|a Photoluminescence
|
| 653 |
# |
# |
|a Transition element compounds
|
| 653 |
# |
# |
|a Ultraviolet visible spectrum
|
| 700 |
# |
# |
|a Li, Dongmei.
|
| 700 |
# |
# |
|a Li. Tiejin
|
| 700 |
# |
# |
|a Wang, Gang.
|
| 700 |
# |
# |
|a Yang, Wensheng.
|
| 700 |
# |
# |
|a Zhang, Xiaodong.
|
| 700 |
# |
# |
|a Zhuang, Jiaqi.
|
| 773 |
# |
# |
|t Journal of Materials Chemistry
|g Vol. 13, no. 7 (2003), p. 1853-1857
|
| 920 |
# |
# |
|a Phòng Tạp chí -- Trung tâm Thông tin - Thư viện Trường Đại học Đà Lạt
|
| 994 |
# |
# |
|a DLU
|
| 900 |
# |
# |
|a True
|
| 911 |
# |
# |
|a Trương Bảo Trâm Anh
|
| 925 |
# |
# |
|a G
|
| 926 |
# |
# |
|a A
|
| 927 |
# |
# |
|a BB
|
| 980 |
# |
# |
|a Thư viện Trường Đại học Đà Lạt
|